Dinge mit S - Statistiken

Allgemein
  • Dieses Quiz wurde 160 mal gespielt
  • Das Durchschnittsergebnis liegt bei 20 aus 32
Antwortstatistiken
Bildquiz Antwort % Korrekt
Spanien
99%
Spargel
97%
Schneehase
95%
Sieg
95%
Salto
94%
Sombrero
94%
Sandburg
92%
Senf
92%
Stefan Raab
92%
Seifenblasen
89%
Steg
80%
Schimmel
79%
Solarium
74%
Sumpf
73%
Spaghetti Carbonara
72%
Semikolon
64%
Squid Game
64%
Subway Surfers
50%
Singapur
47%
Sammlung
46%
Sittich
46%
Stabheuschrecke
44%
Sturmhaube
44%
Sardellen
40%
Simsalagrimm
37%
Sylvester
37%
Simone Thomalla
35%
Sorgenfresser
32%
Starletnova
23%
Siebenschläfer
22%
Schnitzeljagd
18%
Seitan
1%
Keine übereinstimmenden Quizze gefunden
Verteilung der Resultate
Anzahl Personen mit jedem Resultat
Perzentil nach korrekt beantworteten Fragen
Ihre Resultats-Entwicklung
Sie haben dieses Quiz noch nicht gespielt